00682cam a22002173a 45000010005000000030006000050050017000110080041000280400015000690420007000840500007000911000033000982450077001312600029002085060030002375160020002676530048002876530060003358300028003958560041004231885PGUSA20140828083007.0990901s1999||||xxu|||||s|||||000 | eng d aPGUSAbeng adc 4aPR1 aWhyte, Alexander,d1836-192110aBunyan Characters (1st Series)h[electronic resource] /cAlexander Whyte bProject Gutenberg,c1999 aPublic domain in the USA. aElectronic text aBunyan, John, 1628-1688. Pilgrim's progress aBunyan, John, 1628-1688 -- Criticism and interpretation 0aProject Gutenbergv188540uhttp://www.gutenberg.org/ebooks/1885